000
00299nam a22001217a 4500
999
_c
2248
_d
2248
005
20200910151049.0
008
200910b ||||| |||| 00| 0 eng d
020
_a
15645
040
_c
CML
245
_a
New Swan Shakespeare.
_c
Lott, B.
260
_a
London
_b
Longman
_c
1958
942
_2
ddc
_c
BK
_e
822
_k
SHA